• 首页
  • 本馆介绍
  • 公告通知
  • 最新文献
  • 馆藏检索
  • 电子资源
  • 读者导购
  • 参考咨询
  • 我的图书馆
  • 登录
  • 详细信息显示
  • 放入我的书架
  • 预约/预借图书
  • 作者相关作品
  • 分类相关作品
  • 丛书相关作品
  • 出版社相关作品

书目信息

  • 表格格式
  • 工作单格式
  • 卡片格式
题名:
篆书入门
    
 
作者: 古迪吉 编著
分册:  
出版信息: 台北   台湾艺术图书公司  1991
页数: 109页
开本: 19cm
丛书名: 书法入门丛书
单 册:
中图分类: J292.11 , J232.3
科图分类:
主题词: 篆书--书法--中国 , 篆书--法书--中国--选集 , 绘画--世界 , 绘画--各国
电子资源:
ISBN: 7-5062-1000-2
000 00758nam2 2200277 450
001 1571188172
005 20150117194710.34
010    @a7-5062-1000-2@dCNY2.90
100    @a20021005d1991 em y0chiy0110 ea
101 0  @achi
102    @aCN@b110000
105    @ay z 000yy
200 1  @a篆书入门@9zhuan shu ru men@f古迪吉编著
210    @a台北@c台湾艺术图书公司@a北京@c世界图书出版公司@d1991
215    @a109页@d19cm
225 2  @a书法入门丛书@v5
461  0 @12001 @a书法入门丛书
606 0  @a篆书@x书法@y中国
606 0  @a篆书@x法书@y中国@x选集
606 0  @a绘画@x世界
606 0  @a绘画@y各国
690    @aJ292.11@v5
690    @aJ232.3@v4
701  0 @a古迪吉@9gu di ji@4编著
801  0 @aCN@bTSSF@c20150117
905    @aZUCC@dJ232.3@eJY23:6
    
    篆书入门/古迪吉编著.-台北:台湾艺术图书公司;北京:世界图书出版公司,1991
    109页;19cm.-(书法入门丛书;5)
    
    
    ISBN 7-5062-1000-2:CNY2.90
    
●
相关链接 在E读中查询图书 在五车中查询图书 在当当中查询图书 在豆瓣中查询图书


正题名:篆书入门     索取号:J232.3/JY23:6         预约/预借

序号 登录号 条形码 馆藏地/架位号 状态 备注
1 7853101   278531019   学院路分馆/ [索取号:J232.3/JY23:6] 在馆    
2 7853102   278531028   学院路分馆/ [索取号:J232.3/JY23:6] 在馆    
3 7853103   278531037   学院路分馆/ [索取号:J232.3/JY23:6] 在馆    
4 7853104   278531046   学院路分馆/ [索取号:J232.3/JY23:6] 在馆    
唐山师范学院图书馆 欢迎您!
大连网信软件有限公司© 版权所有